Psicoanalisi ed evoluzione della sessualita /

Kaydedildi:
Detaylı Bibliyografya
Yazar: Bonaparte, Marie (Yazar)
Diğer Yazarlar: Sannucci, Cristina
Materyal Türü: Kitap
Dil:İtalyanca
Baskı/Yayın Bilgisi: Roma : Newton Compton, 1977
Seri Bilgileri:Paperbacks
Konular:
Etiketler: Etiketle
Etiket eklenmemiş, İlk siz ekleyin!

MARC

LEADER 00000nam a22000001i 4500
001 IT\ICCU\UBO\0128268
003 ItRI
005 20260115232349.0
008 941123s1977 it |||||| ||||| |||||c
040 |b ita  |c importazione bologna sebina 
041 7 |a ita  |2 ISO-639-2 
082 |a 150.195  |9 SISTEMI PSICANALITICI  |2 20 
100 1 |a Bonaparte, Marie  |0 IT\ICCU\CFIV\035452  |4 aut 
245 1 0 |a Psicoanalisi ed evoluzione della sessualita /  |c Marie Bonaparte ; \trad. di Crist ina Sannucci!. 
260 |a Roma :  |b Newton Compton,  |c 1977 
300 |a 158 p. ;  |c 20 cm 
500 |a Trad. di: Psych analyse et biologie 
650 7 |a Psicanalisi 
700 1 |a Sannucci, Cristina  |0 IT\ICCU\SBLV\249487 
830 0 |a Paperbacks  |0 IT\ICCU\PUV\0138579 
942 |2 ddc  |c BK  |n 0 
952 |0 0  |1 0  |4 0  |6 DOC_155_300000000000000_BON  |7 0  |9 24835  |a BO  |b BO  |d 2026-01-15  |i 1076  |l 0  |o DOC 155.3 BON  |p BO1076  |r 2026-01-15 23:23:49  |w 2026-01-15  |x [Sebina 5] [1 v.]  |y BK  |z 1 v. 
999 |c 21108  |d 21108